How to write critical essays (Record no. 7942)
[ view plain ]
| 000 -LEADER | |
|---|---|
| fixed length control field | 00474cam a2200205ua 4500 |
| 001 - CONTROL NUMBER | |
| control field | 8854 |
| 005 - DATE AND TIME OF LATEST TRANSACTION | |
| control field | 20260515114405.0 |
| 008 - FIXED-LENGTH DATA ELEMENTS--GENERAL INFORMATION | |
| fixed length control field | 150216n xxk |||gr||||Z||||||eng |
| 020 ## - INTERNATIONAL STANDARD BOOK NUMBER | |
| International Standard Book Number | 0415045339 |
| 040 ## - CATALOGING SOURCE | |
| Transcribing agency | MAIN |
| 041 ## - LANGUAGE CODE | |
| Language code of text/sound track or separate title | eng |
| 082 ## - DEWEY DECIMAL CLASSIFICATION NUMBER | |
| Classification number | 824 |
| 100 ## - MAIN ENTRY--PERSONAL NAME | |
| Personal name | Pirie, D. B., |
| Relator term | Author. |
| 245 1# - TITLE STATEMENT | |
| Title | How to write critical essays |
| Statement of responsibility, etc. | By D. B. Pirie |
| 250 ## - EDITION STATEMENT | |
| Edition statement | 1st. |
| 260 ## - PUBLICATION, DISTRIBUTION, ETC. | |
| Place of publication, distribution, etc. | London: |
| Name of publisher, distributor, etc. | Routledge, |
| Date of publication, distribution, etc. | 2003. |
| 300 ## - PHYSICAL DESCRIPTION | |
| Extent | 154p. |
| 653 ## - INDEX TERM--UNCONTROLLED | |
| Uncontrolled term | English essays |
| 942 ## - ADDED ENTRY ELEMENTS (KOHA) | |
| Koha item type | Books |
| Withdrawn status | Lost status | Damaged status | Not for loan | Home library | Current library | Shelving location | Date acquired | Total checkouts | Full call number | Barcode | Date last seen | Copy number | Price effective from | Koha item type |
|---|---|---|---|---|---|---|---|---|---|---|---|---|---|---|
| Naharkatiya College Library | Naharkatiya College Library | General stacks | 09/19/2020 | 824 | PIR | 16405 | 09/19/2020 | 1 | 09/19/2020 | Books |